The body language of love / (Record no. 69656)

MARC details
000 -LEADER
fixed length control field 00920nam a22002657a 4500
005 - DATE AND TIME OF LATEST TRANSACTION
control field 20130619152206.0
010 ## - LCCN (DPL NO)
LC control number ENG-105771
020 ## - INTERNATIONAL STANDARD BOOK NUMBER
International Standard Book Number 9788183222839
Terms of availability 175.00
035 ## - SYSTEM CONTROL NUMBER
System control number EN-89304
035 ## - SYSTEM CONTROL NUMBER
System control number B-512722-732
037 ## - SOURCE OF ACQUISITION
Source of stock number/acquisition DBAD/PUB
037 ## - SOURCE OF ACQUISITION
Source of stock number/acquisition BSB/Ven
082 ## - DEWEY DECIMAL CLASSIFICATION NUMBER
Classification number 153.69
100 ## - MAIN ENTRY--PERSONAL NAME
Personal name Pease, Allan
245 ## - TITLE STATEMENT
Title The body language of love /
Statement of responsibility, etc by Allan Pease [and] Barbara Pease
260 ## - PUBLICATION, DISTRIBUTION, ETC. (IMPRINT)
Place of publication, distribution, etc Bhopal
Name of publisher, distributor, etc Manjul Publishing House
Date of publication, distribution, etc 2012
270 ## - ADDRESS
Address 2nd Floor, Usha Preet Complex, 42 Malviya Nagar
City Bhopal
Postal code 462003
Electronic mail address manjul@manjulindia.com
300 ## - PHYSICAL DESCRIPTION
Extent 155p.
Dimensions 20cm(pbk)
500 ## - GENERAL NOTE
General note Includes bibliographical references
650 ## - SUBJECT ADDED ENTRY--TOPICAL TERM
Topical term or geographic name as entry element Interpersonal attraction
General subdivision Physiological aspects
650 ## - SUBJECT ADDED ENTRY--TOPICAL TERM
Topical term or geographic name as entry element Body language
700 ## - ADDED ENTRY--PERSONAL NAME
Personal name Pease, Barbara
9 (RLIN) 51962
942 ## - ADDED ENTRY ELEMENTS (KOHA)
Source of classification or shelving scheme Dewey Decimal Classification
Item type English Books
Classification part 153.69
Call number suffix PEA
Holdings
Withdrawn status Lost status Not for loan Collection code Home library Current library Date acquired Source of acquisition Cost, normal purchase price Full call number Barcode Copy number Cost, replacement price Koha item type
      Non-fiction Bawana Bawana 19/06/2013 BSB/885/09.03.2013/169/08.03.2013/23.03.2013 175.00 153.69 PEA B-512730 1 175.00 English Books
  Written-off vide DLB M. No. 383 dt 16.05.19   Non-fiction Central Library Central Library 19/06/2013 BSB/885/09.03.2013/169/08.03.2013/23.03.2013 175.00 153.69 PEA B-512722 1 175.00 English Books
    Not For Loan Non-fiction D.B.Act.Division D.B.Act.Division 03/09/2012 DBAD / PUB 175.00 153.69 PEA EN-89304 1 175.00 English Books
  Written-off vide DLB M. No. 383 dt 16.05.19   Non-fiction Janak Puri Janak Puri 19/06/2013 BSB/885/09.03.2013/169/08.03.2013/23.03.2013 175.00 153.69 PEA B-512727 1 175.00 English Books
      Non-fiction Kasturba Gandhi Marg Kasturba Gandhi Marg 19/06/2013 BSB/885/09.03.2013/169/08.03.2013/23.03.2013 175.00 153.69 PEA B-512724 1 175.00 English Books
      Non-fiction Narela Narela 19/06/2013 BSB/885/09.03.2013/169/08.03.2013/23.03.2013 175.00 153.69 PEA B-512731 1 175.00 English Books
  Written-off vide DLB M. No. 383 dt 16.05.19   Non-fiction Patel Nagar Patel Nagar 19/06/2013 BSB/885/09.03.2013/169/08.03.2013/23.03.2013 175.00 153.69 PEA B-512723 1 175.00 English Books
      Non-fiction Peshwa Road Peshwa Road 19/06/2013 BSB/885/09.03.2013/169/08.03.2013/23.03.2013 175.00 153.69 PEA B-512725 1 175.00 English Books
      Non-fiction Sarojini Nagar Sarojini Nagar 19/06/2013 BSB/885/09.03.2013/169/08.03.2013/23.03.2013 175.00 153.69 PEA B-512728 1 175.00 English Books
  Written-off vide DLB M. No. 383 dt 16.05.19   Non-fiction Shahdara Branch Shahdara Branch 19/06/2013 BSB/885/09.03.2013/169/08.03.2013/23.03.2013 175.00 153.69 PEA B-512732 1 175.00 English Books
      Non-fiction Tri Nagar Tri Nagar 19/06/2013 BSB/885/09.03.2013/169/08.03.2013/23.03.2013 175.00 153.69 PEA B-512726 1 175.00 English Books
      Non-fiction Vinoba Puri Vinoba Puri 19/06/2013 BSB/885/09.03.2013/169/08.03.2013/23.03.2013 175.00 153.69 PEA B-512729 1 175.00 English Books

© Delhi Public Library
Hit Counter
free hit counter